02528nam a2200277 a 4500003000500000005001700005007001500022008004100037035001100078040000900089100004200098245016000140264004100300300006000341336002700401337002900428338004000457502003400497520150000531650002102031650003102052650003102083650003502114700004802149856005302197CHAP20241011141540.0cr ||||||a|c|a101123s2010 mx r 00010 spa d a111577 cCHAP1 aElizalde López, Guadalupe Genoveva.10aDiámetro del folículo preovulatorio y fertilidad en vacas Holsteinc/por Guadalupe Genoveva Elizalde López; director de tesis Raymundo Rangel Santos. aChapingo, Méx. :bEl autor,c2010. a1 recurso en línea (46 páginas):bcuadros, figuras. 2rdacontentatextobtxt 2rdamediaacomputadorabc 2rdacarrierarecursos en líneabcr bIAEZcZootecníad2010.gLIC aLos objetivos de este estudio fueron evaluar la influencia de algunos factores ambientales en el diámetro del folículo preovulatorio y fertilidad en vacas Holstein. Durante un año se determinó mediante ultrasonografía el diámetro del folículo preovulatorio al momento del servicio (n=866). Adicionalmente, se registraron los días en leche y el número de lactación. El diagnóstico de gestación se realizó 45 días después del servicio por ultrasonografía en las vacas que no retornaron en celo. El diámetro del folículo preovulatorio se analizó con el procedimiento MIXED, y la fertilidad con el procedimiento CATMOD de SAS. El diámetro del folículo preovulatorio al momento de la inseminación no fue afectado por el número de lactación ni por los días en leche (P>0.05). El diámetro del folículo preovulatorio durante el otoño fue menor (P<0.05) con respecto a primavera e invierno, y semejante a verano. El diámetro del folículo preovulatorio en invierno solo es diferente (P<0.05) al encontrado en otoño. La fertilidad fue afectada por época (P<0.01) y días en leche (P<0.001), no así por el número de lactación (P=0.187) y el diámetro del folículo preovulatorio (P=0.748). En invierno la fertilidad es mayor (P<0.05) al resto de épocas, mientras que la fertilidad en otoño es superior (P<0.05) a la encontrada en primavera, pero similar a la obtenida en verano. La fertilidad más baja se observó en primavera.04aGanado Holstein.04aGanado vacunoxFecundidad.04aGanado vacunoxFertilidad.04aGanado vacunoxReproducción.1 aRangel Santos, RaymundoeDirector de tesis. uhttp://10.13.5.2/tesis/111577.pdfzDESCARGAR PDF